| 000 | 00593nam a2200217Ia 4500 | ||
|---|---|---|---|
| 003 | BUBTL | ||
| 008 | 151213s9999 xx 000 0 und d | ||
| 020 | _a978-81-7758-486-8 | ||
| 082 | _a338.9TOE | ||
| 100 |
_aTodaro,Michael P. _91436 |
||
| 245 |
_aEconomic Development : _cMichael P.Todaro, Stephen C.Smith |
||
| 250 | _a11th ed | ||
| 260 |
_aNew Delhi : _bPearson _cc2003 |
||
| 300 |
_axviii, 801p.: _c24 cm. |
||
| 650 | _aEconomics | ||
| 650 | _aEconomics | ||
| 700 |
_aSmith,Stephen C. _91437 |
||
| 856 |
_k0 _l0 _yDownload |
||
| 942 |
_2ddc _cBK |
||
| 999 |
_c4916 _d4916 |
||